00671 a2200241 4500001000700000020001500007020002700022020002200049020001500071020002600086020001800112041000800130082001400138100002500152250002600177300001000203490004500213830004500258856002400303040002500327245004300352260003400395105543 a0060281715 a0060281723 (lib. bdg.) a0064451968 (pbk.) a0329248863 a0758769105 (BWI bdg.) a9780062382108 aeng aAP IK 583 aBulla, Clyde Robert. aNewly illustrated ed. a31 p. aLet's-read-and-find-out science. Stage 1 aLet's-read-and-find-out science. Stage 1 u00000a/00000a0e.jpg aBR-BrIDEAcBR-BrIDEA10aA tree is a plantc Clyde Robert Bulla aNew YorkbHarperCollinsc2001